000 00289nam a2200109Ia 4500
005 20251222143213.0
008 251222s9999||||xx |||||||||||||| ||spa||
082 _a234.93/C76
245 0 _aHacia la V Conferencia del Episcopado Latinoamericano y del Caribe
264 _bCELAM
942 _cLIB
999 _c13522
_d13522